Language Quiz

Random Language or Letter Quiz

Most Common 6 Letter L Words Quiz Stats

Quiz not verified by Sporcle

Challenge
Share
Tweet
Embed
Score 0/30 Timer 08:00
0 Plays Today
RANK WORD % Correct
1LITTLE
88.3%
5LETTER
87.7%
6LAWYER
81.6%
2LEADER
79.1%
20LADDER
78.5%
15LOVELY
77.9%
3LISTEN
74.8%
4LIKELY
72.4%
8LIVING
72.4%
13LATTER
71.8%
17LONELY
68.7%
18LATELY
66.3%
7LESSON
65%
9LOCATE
65%
12LEAGUE
58.3%
RANK WORD % Correct
16LEGEND
55.8%
11LENGTH
54%
22LISTED
52.1%
21LATEST
49.7%
27LINEAR
47.2%
28LABOUR
46%
30LAYOUT
45.4%
14LEGACY
44.2%
26LINKED
44.2%
29LOUNGE
43.6%
24LAPTOP
42.9%
10LAUNCH
40.5%
25LUXURY
39.3%
19LIQUID
35.6%
23LYRICS
30.7%

You're not logged in!

Compare scores with friends on all Sporcle quizzes.
Join for Free
OR
Log In

You Might Also Like...

Show Comments

Extras

Created Jun 18, 2015ReportNominate
Tags:Letter Quiz, 6-letter, common

Top Quizzes Today


Score Distribution

Your Account Isn't Verified!

In order to create a playlist on Sporcle, you need to verify the email address you used during registration. Go to your Sporcle Settings to finish the process.

Report this User

Report this user for behavior that violates our Community Guidelines.

Details: